[Event "Santo Domingo op U2100"]
[Site "Santo Domingo"]
[Date "2015.02.06"]
[Round "1"]
[White "Beltre, Pedro"]
[Black "Lorenzo De Los Santos, Luis L"]
[Result "0-1"]
[WhiteElo "1861"]
[BlackElo "2092"]
[PlyCount "122"]
[EventDate "2015.02.06"]
[EventType "swiss"]
[EventRounds "8"]
[EventCountry "DOM"]
[SourceTitle "CBM 164 Extra"]
[Source "ChessBase"]
[SourceDate "2015.03.02"]
[SourceVersion "1"]
[SourceVersionDate "2015.03.02"]
[SourceQuality "1"]

1. e4 e5 2. Nf3 Nf6 3. Nc3 Bb4 4. Bc4 d6 5. Qe2 0-0 6. h3 c6 7. 0-0 d5 8. exd5 cxd5 9. Bb3 e4 10. Nh2 Nc6 11. d3 Re8 12. dxe4 Bxc3 13. bxc3 Nxe4 14. Qd3 Bf5 15. Nf3 Ng3 16. Qb5 Nxf1 17. Bg5 Qd7 18. Rxf1 Be4 19. Nd4 a6 20. Qb6 Nxd4 21. Qxd4 Qf5 22. Qd2 h6 23. Be3 Qg6 24. f3 Bf5 25. g4 Rad8 26. Kf2 Be6 27. Rg1 b5 28. Bd4 Rd7 29. h4 f6 30. h5 Qf7 31. a4 Qe7 32. axb5 axb5 33. Re1 Qd6 34. Kg2 Rde7 35. Qf2 Bf7 36. Bc5 Rxe1 37. Bxd6 R1e2 38. Bc5 Rxf2+ 39. Kxf2 Be6 40. Kg3 Rc8 41. Bd4 Rd8 42. Kf4 Kf7 43. Bc5 g6 44. hxg6+ Kxg6 45. Bd4 Ra8 46. Bc5 Ra1 47. Bf2 Rf1 48. Ke3 f5 49. Bh4 fxg4 50. fxg4 Rg1 51. Kf4 Rxg4+ 52. Ke5 Kf7 53. Bf2 Rg5+ 54. Kd6 h5 55. Kc5 Rf5 56. Bg3 Kf6 57. Kd6 Bf7 58. Bh4+ Kg6 59. Bd8 Rf3 60. Ba5 h4 61. Bd8 h3 0-1

[Event "Balaguer op 15th"]
[Site "Balaguer"]
[Date "2010.07.21"]
[Round "3"]
[White "Colovic, Aleksandar"]
[Black "Beltre, Pedro"]
[Result "1-0"]
[WhiteElo "2452"]
[BlackElo "1964"]
[PlyCount "45"]
[EventDate "2010.07.19"]
[EventType "swiss"]
[EventRounds "9"]
[EventCountry "ESP"]
[SourceTitle "CBM 137 Extra"]
[Source "ChessBase"]
[SourceDate "2010.09.01"]
[SourceVersion "1"]
[SourceVersionDate "2010.09.01"]
[SourceQuality "1"]

1. d4 d5 2. c4 c6 3. Nc3 Nf6 4. Nf3 Bf5 5. cxd5 cxd5 6. Qb3 Bc8 7. Bf4 a6 8. Ne5 e6 9. Rc1 Ne4 10. Bd2 f6 11. Nd3 f5 12. Na4 Nd7 13. e3 Nef6 14. Be2 Bd6 15. Bb4 Bb8 16. f3 Kf7 17. 0-0 Nh5 18. Ne5+ Nxe5 19. dxe5 g6 20. f4 Bd7 21. Nc5 Bc8 22. Be1 b6 23. Nd3 1-0

[Event "Balaguer op 14th"]
[Site "Balaguer"]
[Date "2009.07.15"]
[Round "3"]
[White "Kulkarni, Rakesh"]
[Black "Beltre, Pedro"]
[Result "0-1"]
[WhiteElo "2187"]
[BlackElo "1975"]
[PlyCount "64"]
[EventDate "2009.07.13"]
[EventType "swiss"]
[EventRounds "10"]
[EventCountry "ESP"]
[SourceTitle "CBM 131 Extra"]
[Source "ChessBase"]
[SourceDate "2009.09.03"]
[SourceVersion "2"]
[SourceVersionDate "2009.09.16"]
[SourceQuality "1"]

1. d3 d5 2. a3 e5 3. g3 Bf5 4. Bg2 Nf6 5. c4 c6 6. cxd5 cxd5 7. Bg5 Qa5+ 8. Nd2 Nbd7 9. Qb3 Be6 10. Rc1 Bd6 11. Ngf3 0-0 12. 0-0 Rac8 13. Rxc8 Rxc8 14. Bxf6 gxf6 15. Qxb7 Nb6 16. b4 Qa4 17. b5 Qxb5 18. Rb1 Qa4 19. Rxb6 Rc1+ 20. Nf1 axb6 21. Qxb6 Qxa3 22. Qd8+ Kg7 23. Ng5 Bf5 24. g4 Bxg4 25. Nxf7 Rxf1+ 26. Bxf1 Kxf7 27. Qh8 Bf5 28. e4 dxe4 29. dxe4 Bxe4 30. Bc4+ Kg6 31. Qe8+ Kh6 32. Qf8+ Bxf8 0-1

[Event "Sort op 5th"]
[Site "Sort"]
[Date "2009.07.02"]
[Round "9"]
[White "Beltre, Pedro"]
[Black "Pujari, Rucha"]
[Result "0-1"]
[WhiteElo "1967"]
[BlackElo "2043"]
[PlyCount "86"]
[EventDate "2009.06.24"]
[EventType "swiss"]
[EventRounds "9"]
[EventCountry "ESP"]
[SourceTitle "CBM 131 Extra"]
[Source "ChessBase"]
[SourceDate "2009.09.03"]
[SourceVersion "2"]
[SourceVersionDate "2009.09.16"]
[SourceQuality "1"]

1. e4 e6 2. d4 c5 3. Nf3 cxd4 4. Nxd4 Qb6 5. c3 Bc5 6. Na3 Bxa3 7. bxa3 Ne7 8. Nb5 0-0 9. Be3 Qc6 10. Qd6 Qxd6 11. Nxd6 Nbc6 12. g4 b6 13. Rd1 Re8 14. Be2 Na5 15. 0-0 Bb7 16. Rd2 Bc6 17. Ba6 Nc8 18. Bxc8 Raxc8 19. Nxc8 Rxc8 20. Rd4 d5 21. Rfd1 Nc4 22. Bc1 Ne5 23. Kg2 Nxg4 24. f4 Nf6 25. e5 Ne4 26. Bb2 Bb5 27. a4 Bc4 28. a3 Nc5 29. Kf3 Nxa4 30. Ba1 b5 31. Ke3 Nc5 32. Rb1 Kf8 33. Rxc4 bxc4 34. Rb5 a6 35. Rb6 f6 36. Bb2 Kf7 37. Rb4 Nd3 38. Rb7+ Kg6 39. exf6 gxf6 40. Rb6 Kf5 41. a4 Nxf4 42. Ba3 d4+ 43. cxd4 Nd5+ 0-1

[Event "Sort op 5th"]
[Site "Sort"]
[Date "2009.06.28"]
[Round "5"]
[White "Beltre, Pedro"]
[Black "Mentink, Toon"]
[Result "1-0"]
[WhiteElo "1967"]
[BlackElo "1888"]
[PlyCount "101"]
[EventDate "2009.06.24"]
[EventType "swiss"]
[EventRounds "9"]
[EventCountry "ESP"]
[SourceTitle "CBM 131 Extra"]
[Source "ChessBase"]
[SourceDate "2009.09.03"]
[SourceVersion "2"]
[SourceVersionDate "2009.09.16"]
[SourceQuality "1"]

1. e4 d5 2. exd5 Nf6 3. c4 e6 4. dxe6 Bxe6 5. d4 Qe7 6. Qe2 Nc6 7. Nf3 Bg4 8. Qxe7+ Bxe7 9. Be3 0-0-0 10. d5 Bxf3 11. gxf3 Ne5 12. Be2 Rhe8 13. Nd2 Bb4 14. 0-0-0 Ng6 15. a3 Bd6 16. Bd3 Nf4 17. Be4 Be5 18. Kb1 g6 19. Rhg1 N6h5 20. Nb3 f5 21. Bc2 Nh3 22. Rgf1 b6 23. Nc1 Bxh2 24. Ba4 Re7 25. Rh1 Rxe3 26. fxe3 Nf2 27. Rxh2 Nxd1 28. Bxd1 c6 29. e4 cxd5 30. cxd5 fxe4 31. fxe4 Nf6 32. Bc2 Rd7 33. Nb3 Ng4 34. Rh4 h5 35. Nd4 Rf7 36. Ne6 Rf1+ 37. Ka2 Rf2 38. Bd3 Ne5 39. Ba6+ Kd7 40. Rf4 Rxf4 41. Nxf4 h4 42. Nh3 Kd6 43. b4 Nf7 44. Kb2 g5 45. Bc8 Ke5 46. Bf5 Kd4 47. Be6 Ne5 48. Nxg5 Nd3+ 49. Kc2 Nf4 50. d6 Nxe6 51. Nxe6+ 1-0

[Event "Sort op 5th"]
[Site "Sort"]
[Date "2009.06.24"]
[Round "1"]
[White "Debashis, Das"]
[Black "Beltre, Pedro"]
[Result "1-0"]
[WhiteElo "2352"]
[BlackElo "1967"]
[PlyCount "63"]
[EventDate "2009.06.24"]
[EventType "swiss"]
[EventRounds "9"]
[EventCountry "ESP"]
[SourceTitle "CBM 131 Extra"]
[Source "ChessBase"]
[SourceDate "2009.09.03"]
[SourceVersion "2"]
[SourceVersionDate "2009.09.16"]
[SourceQuality "1"]

1. e4 c5 2. Nf3 e6 3. d4 cxd4 4. Nxd4 a6 5. Bd3 Qc7 6. 0-0 Nf6 7. Qe2 Be7 8. c4 d6 9. Nc3 Nbd7 10. b3 0-0 11. Bb2 Re8 12. Rad1 b6 13. Bb1 Bb7 14. f4 Rad8 15. Kh1 Bf8 16. Nf3 Bc6 17. Rde1 g6 18. e5 Nh5 19. Ng5 Bh6 20. Nce4 Bxe4 21. Nxe4 Nxf4 22. exd6 Qc6 23. Qf3 Qa8 24. g3 f5 25. gxf4 fxe4 26. Bxe4 Qb8 27. Qc3 Kf7 28. f5 gxf5 29. Rxf5+ exf5 30. Bd5+ Kg6 31. Rg1+ Bg5 32. Qg7+ 1-0

[Event "Balaguer op 13th"]
[Site "Balaguer"]
[Date "2008.07.14"]
[Round "1"]
[White "Beltre, Pedro"]
[Black "Sanchez, Joseph"]
[Result "0-1"]
[WhiteElo "1954"]
[BlackElo "2486"]
[PlyCount "88"]
[EventDate "2008.07.14"]
[EventType "swiss"]
[EventRounds "10"]
[EventCountry "ESP"]
[SourceTitle "CBM 125 Extra"]
[Source "ChessBase"]
[SourceDate "2008.09.01"]
[SourceVersion "1"]
[SourceVersionDate "2008.09.01"]
[SourceQuality "1"]

1. e4 d5 2. exd5 Nf6 3. Bb5+ Nbd7 4. Nc3 a6 5. Be2 Nb6 6. Nf3 Nbxd5 7. Nxd5 Qxd5 8. d4 Bf5 9. 0-0 e6 10. c3 Rb8 11. Bf4 Bd6 12. Be5 0-0 13. Qb3 Qa5 14. Rfe1 Be7 15. Nd2 b5 16. a4 bxa4 17. Qa2 Nd5 18. Nc4 Qb5 19. Qxa4 Ra8 20. Qxb5 axb5 21. Ne3 c6 22. Nxf5 exf5 23. Bf3 f6 24. Bxd5+ cxd5 25. Bc7 Kf7 26. Kf1 Rfc8 27. Bf4 g5 28. Bd2 Bd6 29. h3 h5 30. Ke2 f4 31. Kd3 f5 32. b4 Bc7 33. Reb1 Kf6 34. Re1 g4 35. hxg4 fxg4 36. Rh1 Rxa1 37. Rxa1 h4 38. Rh1 Rh8 39. Bc1 h3 40. Rg1 hxg2 41. Rxg2 Rh3+ 42. Kc2 Kf5 43. Bd2 Rh1 44. Kd3 f3 0-1

[Event "Capablanca Memorial op 42nd"]
[Site "Havana"]
[Date "2007.05.21"]
[Round "4"]
[White "Beltre, Pedro"]
[Black "Frometa Castillo, Zirka"]
[Result "1-0"]
[WhiteElo "1966"]
[BlackElo "2164"]
[PlyCount "117"]
[EventDate "2007.05.18"]
[EventType "swiss"]
[EventRounds "10"]
[EventCountry "CUB"]
[SourceTitle "CBM 118 Extra"]
[Source "ChessBase"]
[SourceDate "2007.07.04"]
[SourceVersion "1"]
[SourceVersionDate "2007.07.04"]
[SourceQuality "1"]

1. e4 c6 2. d4 d5 3. Nd2 dxe4 4. Nxe4 Nf6 5. Ng3 g6 6. Nf3 Bg4 7. c3 Bg7 8. h3 Bxf3 9. Qxf3 Nbd7 10. Bc4 0-0 11. 0-0 e5 12. Be3 Qc7 13. Bb3 exd4 14. cxd4 Nb6 15. Bf4 Qd7 16. Be5 Nbd5 17. Rac1 Rad8 18. Rfe1 Rfe8 19. Nf1 Nh5 20. a3 Bh6 21. Rcd1 Nhf4 22. Ne3 Nxe3 23. fxe3 Nh5 24. g4 Ng7 25. Bf6 Ne6 26. Bxd8 Qxd8 27. Rf1 Qc7 28. h4 Nd8 29. g5 Bg7 30. e4 Qe7 31. e5 h5 32. gxh6 Bxh6 33. Qf6 Qxf6 34. Rxf6 Be3+ 35. Kg2 c5 36. dxc5 Bxc5 37. Rd7 Kg7 38. Bxf7 Nxf7 39. Rdxf7+ Kh6 40. Rxb7 Rxe5 41. Rff7 Kh5 42. Rh7+ Kg4 43. Rb5 Re2+ 44. Kf1 Rf2+ 45. Ke1 Rf5 46. Ke2 Rf2+ 47. Kd3 Rf3+ 48. Ke2 Rf2+ 49. Kd3 Rf3+ 50. Ke4 Re3+ 51. Kd5 Be7 52. Kc6 Re4 53. Rh6 Bxh4 54. Rxg6+ Kh3 55. Rb4 Rxb4 56. axb4 Bd8 57. Kb7 Be7 58. b5 Bc5 59. Ra6 1-0

[Event "Capablanca Memorial op 42nd"]
[Site "Havana"]
[Date "2007.05.18"]
[Round "1"]
[White "Beltre, Pedro"]
[Black "Pazos Gambarrotti, Plinio Efrain"]
[Result "0-1"]
[WhiteElo "1966"]
[BlackElo "2375"]
[PlyCount "62"]
[EventDate "2007.05.18"]
[EventType "swiss"]
[EventRounds "10"]
[EventCountry "CUB"]
[SourceTitle "CBM 118 Extra"]
[Source "ChessBase"]
[SourceDate "2007.07.04"]
[SourceVersion "1"]
[SourceVersionDate "2007.07.04"]
[SourceQuality "1"]

1. e4 e5 2. Nf3 Nc6 3. Bb5 f5 4. d3 Nf6 5. 0-0 d6 6. Re1 fxe4 7. dxe4 Be7 8. Nc3 a6 9. Be2 0-0 10. Bc4+ Kh8 11. Ng5 Qe8 12. Nd5 Bd8 13. c3 h6 14. Nxf6 Bxf6 15. Nf3 Bg4 16. Be2 Qg6 17. Qd3 Nd8 18. Be3 Be7 19. Nd2 Bd7 20. a4 Ne6 21. g3 Rf7 22. b4 Raf8 23. b5 Bc8 24. Ra2 Bg5 25. Bxg5 Nxg5 26. f3 Nh3+ 27. Kf1 Nf4 28. gxf4 Bh3+ 29. Kf2 Qg2+ 30. Ke3 exf4+ 31. Kd4 Qf2+ 0-1

[Event "Santo Domingo op"]
[Site "Santo Domingo"]
[Date "2006.11.01"]
[Round "3"]
[White "Velez Espiritusantos, Brunildo E"]
[Black "Beltre, Pedro"]
[Result "1-0"]
[WhiteElo "2218"]
[BlackElo "1967"]
[PlyCount "46"]
[EventDate "2006.10.31"]
[EventType "swiss"]
[EventRounds "9"]
[EventCountry "DOM"]
[SourceTitle "EXT 2007"]
[Source "ChessBase"]
[SourceDate "2006.11.23"]
[SourceVersion "1"]
[SourceVersionDate "2006.11.23"]
[SourceQuality "1"]

1. d4 c5 2. d5 e6 3. e4 exd5 4. exd5 Nf6 5. c4 d6 6. Bd3 g6 7. Nf3 Bg7 8. 0-0 0-0 9. Re1 Bg4 10. h3 Bxf3 11. Qxf3 Nbd7 12. Nc3 a6 13. Bf4 Qb6 14. Rab1 Nh5 15. Bh2 Rfe8 16. g4 Nhf6 17. Kf1 Rxe1+ 18. Rxe1 Qxb2 19. Nd1 Qb6 20. g5 Nh5 21. Re7 Ne5 22. Bxe5 dxe5 23. Qxf7+ Kh8 1-0

[Event "Santo Domingo op"]
[Site "Santo Domingo"]
[Date "2005.11.24"]
[Round "1"]
[White "Wegerer, Fred"]
[Black "Beltre, Pedro"]
[Result "0-1"]
[WhiteElo "2271"]
[BlackElo "1979"]
[PlyCount "63"]
[EventDate "2005.11.24"]
[EventType "swiss"]
[EventRounds "9"]
[EventCountry "DOM"]
[SourceTitle "CBM 109 Extra"]
[Source "ChessBase"]
[SourceDate "2006.01.03"]
[SourceVersion "2"]
[SourceVersionDate "2006.01.03"]
[SourceQuality "1"]

1. d4 Nf6 2. Nf3 d6 3. Nbd2 Nbd7 4. e4 e5 5. Bc4 exd4 6. Nxd4 Ne5 7. Be2 Be7 8. 0-0 0-0 9. h3 Bd7 10. f4 Ng6 11. Bd3 Re8 12. N2f3 Bf8 13. Re1 c6 14. c4 c5 15. Nf5 Nh5 16. g3 Qc7 17. Bd2 Nf6 18. Bc3 Rad8 19. Nh6+ gxh6 20. Bxf6 Bxh3 21. Nh2 Bg7 22. Bxg7 Kxg7 23. Qh5 Bc8 24. Rad1 Qe7 25. Bc2 Qf6 26. b3 Qc3 27. Re2 Qxg3+ 28. Rg2 Qxf4 29. Rf1 Qe3+ 30. Kh1 Re5 31. Qh4 Rg5 32. Rxg5 0-1

[Event "Balaguer op 10th"]
[Site "Balaguer"]
[Date "2005.07.20"]
[Round "3"]
[White "Munoz Santana, Jose Lisandro"]
[Black "Beltre, Pedro"]
[Result "1-0"]
[WhiteElo "2342"]
[BlackElo "1984"]
[PlyCount "117"]
[EventDate "2005.07.18"]
[EventType "swiss"]
[EventRounds "9"]
[EventCountry "ESP"]
[SourceTitle "CBM 107 Extra"]
[Source "ChessBase"]
[SourceDate "2005.09.01"]
[SourceVersion "1"]
[SourceVersionDate "2005.09.01"]
[SourceQuality "1"]

1. e4 c5 2. Nf3 d6 3. d4 cxd4 4. Nxd4 Nf6 5. Bd3 e6 6. c4 Nc6 7. Be3 Ne5 8. 0-0 Nfg4 9. Bc1 a6 10. Be2 Qh4 11. h3 h5 12. Nd2 Bd7 13. N2f3 Qd8 14. g3 Nf6 15. Bd3 Rc8 16. b3 Nxf3+ 17. Nxf3 e5 18. Kg2 Nh7 19. Ng1 Ng5 20. f4 Ne6 21. f5 Nc5 22. Bc2 Bc6 23. Qe2 Be7 24. a4 Nd7 25. Rd1 Qc7 26. Ba3 Nf6 27. a5 h4 28. g4 Qxa5 29. Qe3 Qc7 30. Ne2 b5 31. Bd3 Qb7 32. Kf3 Nh7 33. Kg2 Ng5 34. Kh2 Bxe4 35. Bxe4 Qxe4 36. Qxe4 Nxe4 37. Rac1 bxc4 38. Rxc4 Rxc4 39. bxc4 Kd7 40. Bc1 Ra8 41. Kg2 Kc6 42. Kf3 Nc5 43. Be3 a5 44. Nc3 Bf6 45. Ra1 a4 46. Ra2 Bd8 47. Nd5 a3 48. Nb4+ Kd7 49. Nc2 Ra4 50. Bxc5 dxc5 51. Nxa3 Ba5 52. Ra1 Bc3 53. Rd1+ Kc6 54. Nb5 Rxc4 55. Nd6 e4+ 56. Ke2 Rd4 57. Nxf7 c4 58. Nd8+ Kd5 59. Ne6 1-0

[Event "Balaguer op"]
[Site "Balaguer"]
[Date "2003.07.16"]
[Round "2"]
[White "Velicka, Petr"]
[Black "Beltre, Pedro"]
[Result "1-0"]
[WhiteElo "2442"]
[BlackElo "2076"]
[PlyCount "73"]
[EventDate "2003.07.14"]
[EventType "swiss"]
[EventRounds "9"]
[EventCountry "ESP"]
[SourceTitle "CBM 095 Extra"]
[Source "ChessBase"]
[SourceDate "2003.09.04"]
[SourceVersion "1"]
[SourceVersionDate "2003.09.04"]
[SourceQuality "1"]

1. e4 c5 2. Nf3 e6 3. d4 cxd4 4. Nxd4 a6 5. Bd3 Nf6 6. 0-0 Qc7 7. Qe2 Bd6 8. f4 Bc5 9. Be3 h5 10. h3 b5 11. Nd2 Bb7 12. a4 b4 13. a5 Nc6 14. N4b3 Bxe3+ 15. Qxe3 d6 16. Nc4 Nd7 17. Rfd1 Nf6 18. Be2 Rd8 19. e5 dxe5 20. fxe5 Rxd1+ 21. Rxd1 Nd5 22. Qc5 Kd8 23. Bf3 Nce7 24. Nd6 Rf8 25. Bxh5 g6 26. Be2 Qc6 27. Nxb7+ Qxb7 28. Qd6+ Qd7 29. Qxa6 Nf5 30. Nd4 Nxd4 31. Rxd4 Ke7 32. Bf3 Rc8 33. Bxd5 Rxc2 34. Qd6+ Qxd6 35. exd6+ Kxd6 36. Bb3+ Kc5 37. Bxc2 1-0

[Event "Genova op 6th"]
[Site "Genova"]
[Date "2002.08.04"]
[Round "2"]
[White "Goris, Ton"]
[Black "Beltre, Pedro"]
[Result "1-0"]
[WhiteElo "2076"]
[BlackElo "2037"]
[PlyCount "50"]
[EventDate "2002.08.03"]
[EventType "swiss"]
[EventRounds "9"]
[EventCountry "ITA"]
[SourceTitle "CBM 089 Extra"]
[Source "ChessBase"]
[SourceDate "2002.09.10"]
[SourceVersion "2"]
[SourceVersionDate "2002.09.10"]
[SourceQuality "1"]

1. e4 c5 2. c3 e6 3. d4 Nf6 4. e5 Nd5 5. c4 Nb4 6. d5 d6 7. a3 N4a6 8. Nf3 Be7 9. Be2 0-0 10. 0-0 dxe5 11. Nxe5 exd5 12. cxd5 Nc7 13. Bf3 Bd6 14. Nc4 Bxh2+ 15. Kxh2 Qh4+ 16. Kg1 Qxc4 17. Nc3 Nb5 18. Nxb5 Qxb5 19. Qc2 Bd7 20. a4 Qb6 21. Be3 Na6 22. b4 Nxb4 23. Qxc5 Rfc8 24. Qxc8+ Rxc8 25. Bxb6 axb6 1-0